Trump Family - Sudden Death - Statistics

General Stats
  • This quiz has been taken 1,159 times
  • The average score is 10 of 17
Answers on the Grid
Answers color-coded by a green-red scale on the quiz's grid according to % correct below.
Barron
Charlie
Donald
Donald Jr.
Elizabeth
Eric
Francis
Fred
Fred Jr.
Henry
Irma
Ivana
Ivanka
James
Jennifer
Kai
Lara
Marla
Mary
Maryanne
Melania
Patrick
Robert
Sarah
Theo
Tiffany
Ulysses
William
 
Answer Stats
Answer % Correct
Donald Jr.
95%
Barron
93%
Donald
93%
Ivanka
87%
Melania
85%
Ivana
74%
Eric
70%
Tiffany
63%
Fred
52%
Kai
46%
Lara
41%
Fred Jr.
39%
Marla
36%
Mary
32%
Robert
26%
Elizabeth
19%
Maryanne
16%
No matching quizzes found
Score Distribution
Percent of People with Each Score
Percentile by Number Answered
Your Score History
You have not taken this quiz